| 000 | 01088nam a22003377a 4500 | ||
|---|---|---|---|
| 999 |
_c200451766 _d69978 |
||
| 001 | 200451766 | ||
| 003 | TR-AnTOB | ||
| 005 | 20230131164951.0 | ||
| 007 | ta | ||
| 008 | 230131s2020 tu a|||j |||| 00| j tur d | ||
| 020 | _a9786050666885 | ||
| 040 |
_aTR-AnTOB _beng _erda _cTR-AnTOB |
||
| 041 | 0 | _atur | |
| 092 |
_a808.068 _bÖZDk 2020 |
||
| 100 | 1 |
_aÖzdemir, Nihal _eauthor _d1958- _9140473 |
|
| 245 | 1 | 0 |
_aKırık kanatlı kargalar ülkesi / _cNihal Özdemir ; Resimleyen: Sinem Savaş. |
| 250 | _a1. baskı | ||
| 264 | 1 |
_aAnkara: _bParmak Çocuk Yayınları, _c2020. |
|
| 300 |
_a24 pages : _billustrations ; _c24 cm. |
||
| 336 |
_2rdacontent _atext _btxt |
||
| 337 |
_2rdamedia _aunmediated _bn |
||
| 338 |
_2rdacarrier _avolume _bnc |
||
| 490 | 0 |
_aMinik Parmak Çocuk Yayınları: _v11. |
|
| 500 | _a"Öykü" --k. | ||
| 500 | _a"5 Yaş ve üzeri" | ||
| 653 |
_aÇocuk edebiyatı _aÇocuk hikayeleri _aFarklılıklar _aKendini tanıma |
||
| 700 | 1 |
_aSavaş, Sinem _eillustrator _d1983- _9140474 |
|
| 942 |
_2ddc _cBK |
||